Statistics for Alone By Edgar Allen Poe

Click here to take the quiz!

General Stats

  • This quiz has been taken 26 times
  • The average score is 10 of 22

Answer Stats

Answer% Correct
As others were—I have not {seen}
79%
And all I lov’d—I lov’d {alone}—
71%
From {childhood}’s hour I have not been
71%
As others {saw}—I could not bring
64%
My {heart} to joy at the same tone—
57%
And the {cloud} that took the form
50%
Of a {demon} in my view—
50%
(When the rest of {Heaven} was blue)
50%
From ev’ry depth of {good} and ill
43%
From the red cliff of the {mountain}—
43%
From the {sun} that ’round me roll’d
43%
From the torrent, or the {fountain}—
43%
As it pass’d me {flying} by—
36%
From the {lightning} in the sky
36%
From the same {source} I have not taken
36%
From the {thunder}, and the storm—
36%
In its {autumn} tint of gold—
36%
My {sorrow}—I could not awaken
36%
Of a most {stormy} life—was drawn
36%
The {mystery} which binds me still—
36%
Then—in my childhood—in the {dawn}
36%
My {passions} from a common spring—
29%

Score Distribution

Percentile by Number Answered

Percent of People with Each Score

Your Score History

You have not taken this quiz